[Дирижер] Лео Блех (Запись № 13283580)

Подробности
000 -МАРКЕР
контрольное поле 04300njm0a2200445 4500
001 - ИДЕНТИФИКАТОР ЗАПИСИ
контрольное поле RU\NLR\ONIZ\222778
005 - ИДЕНТИФИКАТОР ВЕРСИИ
контрольное поле 20250708192814.0
035 ## - ДРУГИЕ СИСТЕМНЫЕ НОМЕРА
Идентификатор записи (NLR Aleph) 011590722
071 00 - ИЗДАТЕЛЬСКИЙ НОМЕР
Номер, присвоенный агентством М 10-43657-58
100 ## - ДАННЫЕ ОБЩЕЙ ОБРАБОТКИ
Данные общей обработки 20171215d1982 |||y0rusy50 ca
102 ## - СТРАНА ПУБЛИКАЦИИ ИЛИ ПРОИЗВОДСТВА
Страна публикации Российская Федерация
126 ## - ПОЛЕ КОДИРОВАННЫХ ДАННЫХ: ЗВУКОЗАПИСИ - ФИЗИЧЕСКИЕ ХАРАКТЕРИСТИКИ
Кодированные данные звукозаписи (общие) abuxexu ux
Кодированные данные звукозаписи (уточнения) xxx
127 ## - ПОЛЕ КОДИРОВАННЫХ ДАННЫХ: ПРОДОЛЖИТЕЛЬНОСТЬ ЗВУКОЗАПИСЕЙ И НОТНЫХ ИЗДАНИЙ (МУЗЫКАЛЬНОЕ ИСПОЛНЕНИЕ)
Продолжительность 000044
135 ## - ПОЛЕ КОДИРОВАННЫХ ДАННЫХ: ЭЛЕКТРОННЫЕ РЕСУРСЫ
Кодированные данные для электронного ресурса honoannnanndn
200 1# - ЗАГЛАВИЕ И СВЕДЕНИЯ ОБ ОТВЕТСТВЕННОСТИ
Основное заглавие [Дирижер] Лео Блех
Общее обозначение материала Звукозапись
210 ## - ПУБЛИКАЦИЯ, РАСПРОСТРАНЕНИЕ И ДР.
Место издания, распространения и т.д. М.
Имя издателя, распространителя и т. д. Мелодия
Дата издания, распространения и т.д. 1982
215 ## - ФИЗИЧЕСКАЯ ХАРАКТЕРИСТИКА
Специфическое обозначение материала и объем 1 грп.[ГОСТ 5289-80](48 мин): 33 об/мин, моно; 30 см, в конв.
Сопроводительный материал коммент. в конв.
225 1# - СЕРИЯ
Основное заглавие серии Из сокровищницы мирового исполнительского искусства
300 ## - ОБЩИЕ ПРИМЕЧАНИЯ
Текст примечания Архивные записи конца 20-х-30 гг.
327 1# - ПРИМЕЧАНИЯ О СОДЕРЖАНИИ
Текст примечания 1. Гебриды : (Фингалова пещера) : увертюра : соч. 26 / Ф. Мендельсон ; исполн.: Берлинский филармонический орк. ;
-- 2. Морская тишь и счастливое плаванье : Увертюра : соч. 27 / Ф. Мендельсон ; исполн.: Лондонский симфонический оркестр.
-- 3. Влтава : симфоническая поэма № 2 из цикла "Моя Родина" / Б. Сметана ; исполн.: Берлинская гос. капелла.
-- 4. Увертюра : к опере "Тангейзер" / Р. Вагнер ; исполн.: Берлинская гос. капелла
464 #0 - АНАЛИТИЧЕСКИЙ УРОВЕНЬ
Встроенное поле 2001#$aГебриды$e(Фингалова пещера)$eувертюра$eсоч. 26$fФ. Мендельсон$gисполн.: Берлинский филармонический орк.
-- 686##$aЩ951.1-053(4Г)$vLBC/SL$2rubbk
-- 700#1$9z01790$aМендельсон-Бартольди$bФ.$gФеликс$f1809-1847$4230$7ca
-- 71202$aБерлинский филармонический оркестр$4590
-- 790#1$9z01700$aMendelssohn-Bartholdy$bF.$gFelix$f1809-1847$4230$7ba
Заглавие Гебриды
Автор Мендельсон-Бартольди, Феликс (1809-1847)
464 #0 - АНАЛИТИЧЕСКИЙ УРОВЕНЬ
Встроенное поле 2001#$aМорская тишь и счастливое плаванье$eУвертюра$eсоч. 27$fФ. Мендельсон$gисполн.: Лондонский симфонический оркестр
-- 686##$aЩ951.1-053(4Г)$vLBC/SL$2rubbk
-- 700#1$9z01790$aМендельсон-Бартольди$bФ.$gФеликс$f1809-1847$4230$7ca
-- 71202$aЛондонский симфонический оркестр$4590
-- 790#1$9z01700$aMendelssohn-Bartholdy$bF.$gFelix$f1809-1847$4230$7ba
Заглавие Морская тишь и счастливое плаванье
Автор Мендельсон-Бартольди, Феликс (1809-1847)
464 #0 - АНАЛИТИЧЕСКИЙ УРОВЕНЬ
Встроенное поле 2001#$aВлтава$eсимфоническая поэма № 2 из цикла "Моя Родина"$fБ. Сметана$gисполн.: Берлинская гос. капелла
-- 50000$aМоя родина$iВлтава$bЗвукозапись$h№ 2$lпоэма$rсимф. оркестр
-- 686##$aЩ951.1-051(4Ч)$vLBC/SL$2rubbk
-- 700#1$9z01790$aСметана$bБ.$gБедржих$f1824-1884$4230$7ca
-- 790#1$9z01700$aSmetana$bB.$gBedřich$f1824-1884$4230$7ba
Заглавие Влтава
Автор Сметана, Бедржих (1824-1884)
464 #0 - АНАЛИТИЧЕСКИЙ УРОВЕНЬ
Встроенное поле 2001#$aУвертюра$eк опере "Тангейзер"$fР. Вагнер$gисполн.: Берлинская гос. капелла
-- 686##$aЩ951.1-071(4Г)$vLBC/SL$2rubbk
-- 700#1$9z01790$aВагнер$bР.$gРихард$f1813-1883$4230
-- 790#1$9z01700$aWagner$bR.$gRichard$f1813-1883$4230
Заглавие Увертюра
Автор Вагнер, Рихард (1813-1883)
606 1# - НАИМЕНОВАНИЕ ТЕМЫ КАК ПРЕДМЕТ
Наименование темы Исполнительское искусство дирижеры
Тематический подзаголовок Звукозапись
Географический подзаголовок Германия
Хронологический подзаголовок 20 в.
Код системы nlr_sh
686 ## - ИНДЕКСЫ ДРУГИХ КЛАССИФИКАЦИЙ
Индекс Щ951.1, 8(3)
Издание LBC/SL
Код системы
700 #1 - ИМЯ ЛИЦА - ПЕРВИЧНАЯ ОТВЕТСТВЕННОСТЬ
Системный номер авторитетной/нормативной записи z01790
Начальный элемент ввода Блех
Часть имени, кроме начального элемента ввода Л.
Даты 1871-1958
Расширение инициалов личного имени Лео
Код отношения Дирижер, Руководитель оркестра
790 #1 - ИМЯ ЛИЦА - АЛЬТЕРНАТИВНАЯ ФОРМА
Системный номер авторитетной/нормативной записи z01700
Начальный элемент ввода Blech
Часть имени, кроме начального элемента ввода L.
Даты 1871-1958
Расширение инициалов личного имени Leo
Код отношения Дирижер, Руководитель оркестра
801 #0 - ИСТОЧНИК ЗАПИСИ
Страна Российская Федерация
Организация NLR
Дата составления 20171215
Правила каталогизации PSBO
801 #1 - ИСТОЧНИК ЗАПИСИ
Страна Российская Федерация
Организация NLR
Дата составления 20171215
Источник данных rusmarc
801 #2 - ИСТОЧНИК ЗАПИСИ
Страна Российская Федерация
Организация NLR
Дата составления 20171215
852 ## - МЕСТОНАХОЖДЕНИЕ И ШИФР ХРАНЕНИЯ
Идентификатор организации NLR
Наименование фонда или коллекции (Sub-Location Identifier) Мг
Шифр хранения (Call Number) 3/4050[I/7]
Страна
Номер экземпляра 1
852 ## - МЕСТОНАХОЖДЕНИЕ И ШИФР ХРАНЕНИЯ
Идентификатор организации NLR
Шифр хранения (Call Number) 3/4050[I/7]
Страна
Номер экземпляра 2
852 ## - МЕСТОНАХОЖДЕНИЕ И ШИФР ХРАНЕНИЯ
Идентификатор организации NLR
Шифр хранения (Call Number) 3/4050[I/7]
Страна
Номер экземпляра 3
942 ## - ДОПОЛНИТЕЛЬНЫЕ ЭЛЕМЕНТЫ ЗАПИСИ (АБИС)
Тип экземпляра АБИС Звукозапись
980 ## - КОЛЛЕКЦИЯ
Название коллекции Национальная библиография
980 ## - КОЛЛЕКЦИЯ
Название коллекции Отдел нот и звукозаписей
Экземпляры
Тип экземпляра Дата поступления Библиотека постоянного хранения Библиотека текущего хранения Место хранения Шифр хранения Статус экземпляра
Звукозапись 15.12.2017 РНБ (Московский) РНБ (Московский) Фонд нот и звукозаписей 3/4050[I/7] 3/4050[I/7]  
Звукозапись 15.12.2017 РНБ (Московский) РНБ (Московский) Фонд нот и звукозаписей 3/4050[I/7] 3/4050[I/7]  
Звукозапись 15.12.2017 РНБ (Московский) РНБ (Московский) Фонд нот и звукозаписей 3/4050[I/7] 3/4050[I/7]